| 000 | 00640nam a2200205Ia 4500 | ||
|---|---|---|---|
| 003 | GCL | ||
| 008 | 140319s9999 xx 000 0 ara d | ||
| 040 |
_aGCL / _cGCL |
||
| 082 | 0 | 4 |
_a301.31 _bم خ |
| 100 | 1 | _aمحمد نجيب توفيق | |
| 245 | 1 | 0 |
_aالخدمة الاجتماعية فى حماية البيئة من التلوث / _cمحمد نجيب توفيق |
| 260 |
_a[S.N] : _b2000 للثقافة والنشر ، _c1987 |
||
| 300 | _a527 ص | ||
| 490 | _a | ||
| 650 | 0 | 4 | _aالبيئة |
| 650 | 0 | 4 | _aتلوث البيئة |
| 650 | 0 | 4 | _aالخدمة الاجتماعية |
| 650 | 0 | 4 | _aالاجتماع |
| 942 |
_2ddc _cBK |
||
| 999 |
_c46585 _d46585 |
||